<?xml version="1.0" encoding="UTF-8"?>
<collection xmlns="http://www.loc.gov/MARC21/slim">
<record>
  <controlfield tag="001">164863</controlfield>
  <controlfield tag="005">20251203145555.0</controlfield>
  <datafield tag="037" ind1=" " ind2=" ">
    <subfield code="a">TAZ-TFG-2025-2622</subfield>
  </datafield>
  <datafield tag="041" ind1=" " ind2=" ">
    <subfield code="a">spa</subfield>
  </datafield>
  <datafield tag="100" ind1="1" ind2=" ">
    <subfield code="a">Valero Reyes, María Mercedes</subfield>
  </datafield>
  <datafield tag="242" ind1="0" ind2="0">
    <subfield code="a">Gender differences in the Spanish labour market: an approach based on the analysis of the 2022 Survey on  the Structure of Earnings</subfield>
  </datafield>
  <datafield tag="245" ind1="0" ind2="0">
    <subfield code="a">Diferencias de género en el mercado laboral español: aproximación a partir del análisis de la Encuesta Estructural Salarial 2022</subfield>
  </datafield>
  <datafield tag="260" ind1=" " ind2=" ">
    <subfield code="a">Zaragoza</subfield>
    <subfield code="b">Universidad de Zaragoza</subfield>
    <subfield code="c">2025</subfield>
  </datafield>
  <datafield tag="506" ind1=" " ind2=" ">
    <subfield code="a">by-nc-sa</subfield>
    <subfield code="b">Creative Commons</subfield>
    <subfield code="c">3.0</subfield>
    <subfield code="u">http://creativecommons.org/licenses/by-nc-sa/3.0/</subfield>
  </datafield>
  <datafield tag="520" ind1=" " ind2=" ">
    <subfield code="a">En este trabajo se han analizado las diferencias de género en el mercado laboral español a partir de los datos de la Encuesta de Estructura Salarial 2022 del Instituto Nacional de Estadística. La Encuesta de Estructura Salarial (2022) es una fuente de información oficial, robusta, que ha permitido trabajar con una muestra representativa, rigurosa, fiable y actualizada del mercado laboral español. Con este trabajo se ha querido aportar un análisis crítico y fundamentado, utilizando la estadística como herramienta para su comprensión y visibilización.Los resultados han retratado una estructura laboral marcada por diferencias persistentes, tanto en la distribución de funciones (segmentación horizontal y vertical) como en las condiciones retributivas, donde se evidencia una brecha salarial de género. Aunque las mujeres han alcanzado niveles educativos superiores, han enfrentado mayores barreras para acceder a puestos de responsabilidad y a salarios equiparables a los de los hombres. Se ha observado que el desempeño en cargos de responsabilidad se ha traducido en mayores ingresos para ambos sexos, pero con un retorno salarial sistemáticamente más alto para los hombres, incluso en sectores tradicionalmente feminizados.&lt;br /></subfield>
  </datafield>
  <datafield tag="521" ind1=" " ind2=" ">
    <subfield code="a">Graduado en Gestión y Administración Pública</subfield>
  </datafield>
  <datafield tag="540" ind1=" " ind2=" ">
    <subfield code="a">Derechos regulados por licencia Creative Commons</subfield>
  </datafield>
  <datafield tag="856" ind1="0" ind2=" ">
    <subfield code="f">mmvalero@unizar.es</subfield>
  </datafield>
  <datafield tag="856" ind1="4" ind2=" ">
    <subfield code="s">1178990</subfield>
    <subfield code="u">http://zaguan.unizar.es/record/164863/files/TAZ-TFG-2025-2622.pdf</subfield>
    <subfield code="y">Memoria (spa)</subfield>
  </datafield>
  <datafield tag="909" ind1="C" ind2="O">
    <subfield code="o">oai:zaguan.unizar.es:164863</subfield>
    <subfield code="p">driver</subfield>
    <subfield code="p">trabajos-fin-grado</subfield>
  </datafield>
  <datafield tag="950" ind1=" " ind2=" ">
    <subfield code="a"></subfield>
  </datafield>
  <datafield tag="691" ind1=" " ind2=" ">
    <subfield code="a">5 8 10</subfield>
  </datafield>
  <datafield tag="692" ind1=" " ind2=" ">
    <subfield code="a">El presente trabajo ha demostrado que las diferencias de género persisten en el mercado laboral español, especialmente en el acceso a puestos de responsabilidad, la segmentación ocupacional y la brecha salarial. A pesar de que las mujeres presentan niveles educativos superiores en muchos casos, su representación en ocupaciones de poder sigue siendo notablemente inferior, y su participación se concentra en sectores feminizados, menos valorados y peor remunerados. Estos hallazgos se vinculan estrechamente con tres Objetivos de Desarrollo Sostenible: El ODS 5 (Igualdad de género), por poner de relieve las brechas aún vigentes. El ODS 8 (Trabajo decente y crecimiento económico), por visibilizar las diferencias en la calidad del empleo y la sobrecarga de jornada parcial que afecta especialmente a las mujeres. Y el ODS 10 (Reducción de las desigualdades), al mostrar las diferencias que contribuyen a ampliar las brechas salariales y limitar el desarrollo profesional y económico de una parte importante de la población.</subfield>
  </datafield>
  <datafield tag="700" ind1=" " ind2=" ">
    <subfield code="a">Anglada Salvanés, Sergio </subfield>
    <subfield code="e">dir.</subfield>
  </datafield>
  <datafield tag="700" ind1=" " ind2=" ">
    <subfield code="a">Castel Feced, Sara</subfield>
    <subfield code="e">dir.</subfield>
  </datafield>
  <datafield tag="710" ind1="2" ind2=" ">
    <subfield code="a">Universidad de Zaragoza</subfield>
    <subfield code="b">Métodos Estadísticos</subfield>
    <subfield code="c">Estadística e Investigación Operativa</subfield>
  </datafield>
  <datafield tag="980" ind1=" " ind2=" ">
    <subfield code="a">TAZ</subfield>
    <subfield code="b">TFG</subfield>
    <subfield code="c">FEGP</subfield>
  </datafield>
  <datafield tag="999" ind1=" " ind2=" ">
    <subfield code="a">20250613015100.CREATION_DATE</subfield>
  </datafield>
  <datafield tag="951" ind1=" " ind2=" ">
    <subfield code="a">deposita:2025-12-03</subfield>
  </datafield>
</record>
</collection>